Cities on US Route 6 - Statistics

General Stats
  • This quiz has been taken 10 times
  • The average score is 14 of 125
Answers on the Map
Answers color-coded by a green-red scale on the quiz's map according to % correct below.
 
Answer Stats
State County Answer % Correct
Colorado Denver Denver
63%
Nebraska Douglas Omaha
63%
Iowa Scott Davenport
50%
Iowa Des Moines
50%
Indiana Lake Gary
50%
Connecticut Hartford Hartford
50%
Iowa Johnson Iowa City
50%
Nebraska Lancaster Lincoln
50%
Ohio Erie Sandusky
50%
Pennsylvania Lackawanna Scranton
50%
Ohio Cuyahoga Cleveland
38%
Colorado Mesa Grand Junction
38%
Rhode Island Providence Providence
38%
California Inyo Bishop
25%
Connecticut Hartford Bristol
25%
Connecticut Fairfield Danbury
25%
Nevada White Pine Ely
25%
Massachusetts Bristol Fall River
25%
Colorado Jefferson Golden
25%
Illinois LaSalle La Salle
25%
Illinois Rock Island Moline
25%
Massachusetts Bristol New Bedford
25%
Illinois LaSalle Ottawa
25%
Illinois Peru
25%
Iowa Polk Altoona
13%
Iowa Cass Atlantic
13%
Iowa Scott Bettendorf
13%
Ohio Wood Bowling Green
13%
Colorado Brighton
13%
Colorado Morgan Brush
13%
Illinois Cook Calumet City
13%
Colorado Adams Commerce City
13%
Iowa Johnson Coralville
13%
Iowa Pottawattamie Council Bluffs
13%
Utah MIllard Delta
13%
Rhode Island Providence East Providence
13%
Utah Juab Eureka
13%
Colorado Morgan Fort Morgan
13%
Colorado Garfield Glenwood Springs
13%
Utah Emery Green River
13%
Iowa Poweshiek Grinnell
13%
Indiana Lake Hammond
13%
Utah Carbon Helper
13%
Colorado Clear Creek Idaho Springs
13%
Ohio Cuyahoga Lakewood
13%
Colorado Jefferson Lakewood
13%
Ohio Lorain Lorain
13%
Nebraska Red Willow McCook
13%
Pennsylvania Crawford Meadville
13%
Illinois Grundy Morris
13%
Utah Utah Payson
13%
Indiana Porter Portage
13%
Utah Carbon Price
13%
Illinois Bureau Princeton
13%
Utah Utah Salem
13%
Utah Santaquin
13%
Utah Utah Spanish Fork
13%
Iowa Urbandale
13%
Utah Carbon Wellington
13%
Iowa Adair
0%
Iowa Dallas Adel
0%
Nebraska Furnas Arapahoe
0%
Nebraska Saunders Ashland
0%
Iowa Muscatine Atalissa
0%
Ohio Lorain Avron Lake
0%
Nebraska Kearney Axtell
0%
Ohio Cuyahoga Bay Village
0%
Iowa Poweshiek Brooklyn
0%
Indiana DeKalb Butler
0%
Nebraska Furnas Cambridge
0%
Pennsylvania Lackawanna Carbondale
0%
Ohio Geauga Chardon
0%
Iowa Clive
0%
Illinois Henry Colona
0%
Pennsylvania Erie Corry
0%
Iowa Dallas De Soto
0%
Iowa Durant
0%
Ohio Cuyahoga East Cleveland
0%
Ohio Cuyahoga Euclid
0%
Ohio Sandusky Fremont
0%
Nebraska Saline Friend
0%
Illinois Henry Geneseo
0%
Nebraska Sarpy Gretna
0%
Illinois Cook Harvey
0%
Nebraska Adams Hastings
0%
Indiana Lake Hobart
0%
Nebraska Phelps Holdrege
0%
Ohio Erie Huron
0%
Nebraska Chase Imperial
0%
Illinois Joilet
0%
Indiana Noble Kendallville
0%
Ohio Lake Kirtland
0%
Indiana Lake Lake Station
0%
Iowa Jasper Lambs Grove
0%
Indiana Noble Ligonier
0%
Iowa Iowa Loadora
0%
Iowa Iowa Marengo
0%
Illinois Cook Markham
0%
Illinois LaSalle Marseilles
0%
Nebraska Seward Milford
0%
Nebraska Kearney Minden
0%
Iowa Mitchellville
0%
Ohio Henry Napoleon
0%
Indiana Nappanee
0%
Iowa Jasper Newton
0%
Illinois Cook Oak Forest
0%
Iowa Pottawattamie Oakland
0%
New York Westchester Peekskill
0%
New York Orange Port Jervis
0%
Ohio Cuyahoga Richmond Heights
0%
Ohio Cuyahoga Rocky River
0%
Ohio Lorain Sheffield Lake
0%
Illinois Cook South Holland
0%
Illinois Bureau Spring Valley
0%
Iowa Stuart
0%
Nebraska Clay Sutton
0%
Iowa Johnson Tiffin
0%
Ohio Vermilion
0%
Iowa Walcott
0%
Pennsylvania Warren Warren
0%
Iowa Dallas Waukee
0%
Iowa Muscatine West Liberty
0%
Ohio Lake Willoughby Hills
0%
Iowa Wilton
0%
Iowa Polk Windsor Heights
0%
No matching quizzes found
Score Distribution
Percent of People with Each Score
Percentile by Number Answered
Your Score History
You have not taken this quiz